Guess the Taylor Swift song by lyrics - Statistics

General Stats
  • This quiz has been taken 59 times
  • The average score is 11 of 20
Answer Stats
Hint Answer % Correct
Didn't you flash your green eyes at me? Wonderland
78%
Third floor on the West Side, me and you Delicate
76%
Bold was the waitress on our three year trip Getting lunch down by the lakes invisible string
74%
We tried to forget it, but we just couldn't And I bury hatchets but I keep maps of where I put 'em End Game
72%
People like you always want back the love they pushed aside All You Had To Do Was Stay
70%
When I passed your house It's like I couldn't breathe betty
64%
Barefoot in the kitchenSacred new beginnings Cornelia Street
62%
And your wildfire lies and your humiliation Mean
62%
Yeah, with pictures in frames of kisses on cheeks, cheeks How You Get The Girl
60%
So you leave no trace behind Like you don't even exist illicit affairs
60%
A slow-motion, love potion Jumping off things in the ocean Midnight Rain
60%
Did some force take you because I didn't pray? Bigger Than The Whole Sky
58%
You're the kind of reckless that should send me running Sparks Fly
50%
'Cause coming back around here would be bad for your health Picture To Burn
48%
While having coffee all alone, and Lord, it took me away Holy Ground
42%
20 years at your job Then the son of the boss gets the spot that was yours it's time to go
42%
The moon like a spotlight on the lake Tim McGraw
34%
These days I'm restless Work days are endless Message In A Bottle
26%
'Cause you're givin' it away like it's extra change Hoping it will end up in his pocket Tied Together With A Smile
26%
And I knew my words were hard to hear And harder to ever take back That's When
18%
No matching quizzes found
Score Distribution
Percent of People with Each Score
Percentile by Number Answered
Your Score History
You have not taken this quiz